都道府県名を含む私立大学 - Statistics

General Stats
  • This quiz has been taken 46 times
  • The average score is 40 of 175
Answer Stats
都道府県 大学 % Correct
東京理科大学
68%
神奈川 神奈川大学
68%
青森 青森大学
64%
東京医科大学
61%
千葉工業大学
57%
東京歯科大学
57%
大阪経済大学
57%
東京工科大学
54%
東京女子医科大学
54%
愛知工業大学
54%
京都女子大学
54%
福岡 福岡大学
54%
北海道医療大学
50%
東京経済大学
50%
愛知 愛知大学
50%
愛知学院大学
50%
奈良 奈良大学
50%
岩手 岩手医科大学
46%
埼玉 埼玉医科大学
46%
東京女子大学
46%
東京農業大学
46%
山梨学院大学
46%
大阪工業大学
46%
兵庫 兵庫大学
46%
愛知医科大学
43%
京都産業大学
43%
北海道科学大学
39%
北海道情報大学
39%
千葉商科大学
39%
東京福祉大学
39%
東京国際大学
39%
東京薬科大学
39%
岡山理科大学
39%
埼玉工業大学
36%
東京情報大学
36%
東京家政大学
36%
東京都市大学
36%
東京未来大学
36%
大阪観光大学
36%
広島修道大学
36%
沖縄 沖縄大学
36%
福井工業大学
32%
東京音楽大学
32%
神奈川工科大学
32%
大阪産業大学
32%
京都外国語大学
32%
広島工業大学
32%
北海道文教大学
29%
群馬パース大学
29%
埼玉学園大学
29%
千葉経済大学
29%
大阪商業大学
29%
大阪電気通信大学
29%
徳島 徳島文理大学
29%
福岡工業大学
29%
福島 福島学院大学
25%
新潟工科大学
25%
新潟薬科大学
25%
東京 東京基督教大学
25%
東京有明医療大学
25%
東京医療学院大学
25%
東京医療保健大学
25%
東京家政学院大学
25%
東京工芸大学
25%
東京女子体育大学
25%
東京造形大学
25%
東京電機大学
25%
東京富士大学
25%
愛知工科大学
25%
愛知淑徳大学
25%
岐阜女子大学
25%
大阪学院大学
25%
京都精華大学
25%
兵庫医科大学
25%
広島経済大学
25%
北海道 日本赤十字北海道看護大学
21%
青森中央学院大学
21%
新潟 新潟医療福祉大学
21%
茨城 茨城キリスト教大学
21%
東京慈恵会医科大学
21%
東京聖栄大学
21%
東京成徳大学
21%
東京通信大学
21%
神奈川歯科大学
21%
静岡理工科大学
21%
愛知みずほ大学
21%
大阪音楽大学
21%
大阪芸術大学
21%
大阪歯科大学
21%
京都橘大学
21%
京都ノートルダム女子大学
21%
宮城 宮城学院女子大学
18%
秋田 秋田看護福祉大学
18%
新潟産業大学
18%
富山 富山国際大学
18%
千葉 千葉科学大学
18%
愛知産業大学
18%
大阪 大阪青山大学
18%
大阪河﨑リハビリテーション大学
18%
大阪国際大学
18%
大阪女学院大学
18%
大阪体育大学
18%
大阪物療大学
18%
東大阪大学
18%
京都芸術大学
18%
京都薬科大学
18%
広島 日本赤十字広島看護大学
18%
福岡女学院大学
18%
熊本 熊本学園大学
18%
沖縄国際大学
18%
岩手保健医療大学
14%
新潟国際情報大学
14%
東京純心大学
14%
愛知文教大学
14%
岐阜聖徳学園大学
14%
大阪医科薬科大学
14%
大阪大谷大学
14%
大阪経済法科大学
14%
大阪人間科学大学
14%
京都華頂大学
14%
鳥取 鳥取看護大学
14%
岡山 岡山学院大学
14%
長崎国際大学
14%
宮崎 宮崎国際大学
14%
鹿児島 鹿児島国際大学
14%
新潟食料農業大学
11%
新潟青陵大学
11%
福井 福井医療大学
11%
群馬 群馬医療福祉大学
11%
東京神学大学
11%
山梨 山梨英和大学
11%
静岡 静岡英和学院大学
11%
静岡産業大学
11%
岐阜 岐阜医療科学大学
11%
京都光華女子大学
11%
京都先端科学大学
11%
広島女学院大学
11%
沖縄キリスト教学院大学
11%
新潟経営大学
7%
愛知学泉大学
7%
岐阜協立大学
7%
岐阜保健大学
7%
大阪成蹊大学
7%
大阪保健医療大学
7%
京都文教大学
7%
高知 高知学園大学
7%
福岡歯科大学
7%
静岡福祉大学
4%
長野 長野保健医療大学
4%
大阪総合保育大学
4%
京都 京都医療科学大学
4%
京都看護大学
4%
奈良学園大学
4%
和歌山 和歌山信愛大学
4%
広島国際大学
4%
広島文化学園大学
4%
広島文教大学
4%
岡山商科大学
4%
福岡看護大学
4%
長崎 長崎外国語大学
4%
長崎総合科学大学
4%
熊本保健科学大学
4%
鹿児島純心大学
4%
愛知東邦大学
0%
大阪樟蔭女子大学
0%
大阪信愛学院大学
0%
大阪行岡医療大学
0%
京都美術工芸大学
0%
広島都市学園大学
0%
山口 山口学芸大学
0%
福岡国際医療福祉大学
0%
福岡女学院看護大学
0%
長崎純心大学
0%
宮崎産業経営大学
0%
No matching quizzes found
Score Distribution
Percent of People with Each Score
Percentile by Number Answered
Your Score History
You have not taken this quiz